00355nam a2200145Ia 4500008004100000020001500041041001200056082001600068100001700084245003500101260003500136300000800171650001400179700001600193221030s9999 xx 000 0 und d a8131704130 aEnglish a105.23bGar aM. H. Garcia 0aDatabase System Implementation bPearson EducationaDelhic2006 a653 aComputers aJ.D. Ullman